[Event "4. Open Stadium Casablanca"]
[Site "Zaragoza ESP"]
[Date "2010.12.26"]
[Round "3.10"]
[White "Martinez Asensio, Juan Miguel"]
[Black "Matnadze, Ana"]
[Result "1/2-1/2"]
[WhiteElo "2144"]
[BlackElo "2410"]
[PlyCount "128"]
[EventDate "2010.12.23"]
[EventRounds "9"]
[EventCountry "ESP"]
[Source "lmi"]
[SourceDate "2010.12.23"]

1. c4 Nf6 2. g3 e6 3. Bg2 d5 4. Nf3 g6 5. b3 Bg7 6. Bb2 O-O 7. O-O c5 8. cxd5
exd5 9. d4 Ne4 10. Qc1 Qf6 11. Nc3 Be6 12. Na4 cxd4 13. Bxd4 Qe7 14. Bxg7 Kxg7
15. Qb2+ f6 16. Rac1 Nc6 17. e3 Rac8 18. Nd4 Bf7 19. Rfd1 Ne5 20. Nc3 Ng4 21.
Nxe4 dxe4 22. Rxc8 Rxc8 23. Rc1 Rxc1+ 24. Qxc1 Bd5 25. Qc2 f5 26. Bf1 Ne5 27.
Be2 a6 28. h4 b5 29. Kf1 Bb7 30. Ke1 Kf6 31. Kd1 h6 32. Kc1 g5 33. hxg5+ hxg5
34. Kb2 Qd6 35. Qc1 Ng6 36. a3 f4 37. gxf4 gxf4 38. Qg1 f3 39. Bd1 b4 40. a4
Qc5 41. Qg4 Qc8 42. Qg3 Qd7 43. Bc2 Qf7 44. Qg4 Qd5 45. Nxf3 Qf5 46. Qxf5+ Kxf5
47. Nd2 Nh4 48. f3 Ng2 49. Bxe4+ Bxe4 50. Nxe4 Nxe3 51. Nc5 a5 52. Nb7 Kf4 53.
Nxa5 Kxf3 54. Nc4 Nd5 55. Kc2 Ke4 56. a5 Nc7 57. Nb2 Na6 58. Nd3 Kd5 59. Kd2
Kc6 60. Ne5+ Kb5 61. Nc4 Nc5 62. Kc2 Ka6 63. Kb2 Kb5 64. Kc2 Ka6 1/2-1/2

[Event "4. Open Stadium Casablanca"]
[Site "Zaragoza ESP"]
[Date "2010.12.26"]
[Round "4.1"]
[White "Cifuentes Parada, Roberto"]
[Black "Delchev, Aleksander"]
[Result "1-0"]
[WhiteElo "2508"]
[BlackElo "2621"]
[PlyCount "127"]
[EventDate "2010.12.23"]
[EventRounds "9"]
[EventCountry "ESP"]
[Source "lmi"]
[SourceDate "2010.12.23"]

1. d4 Nf6 2. Nf3 g6 3. Bg5 Bg7 4. Nbd2 O-O 5. c3 d6 6. e4 c5 7. d5 h6 8. Bh4 e6
9. dxe6 Bxe6 10. Bc4 Bxc4 11. Bxf6 Qxf6 12. Nxc4 Qf4 13. Qd5 Nd7 14. O-O Nf6
15. Qxd6 Qxe4 16. Ne3 Rac8 17. Rfd1 Rfe8 18. Nd5 Re6 19. Nxf6+ Bxf6 20. Qd5
Qxd5 21. Rxd5 Rb6 22. Rd2 Re8 23. Kf1 Kf8 24. Rad1 Kg7 25. h3 Ra6 26. a3 Rb6
27. Rc2 c4 28. Rd7 a6 29. g3 Rc8 30. Nd2 Be5 31. Ne4 Rc7 32. Rd5 Bf6 33. a4 Re6
34. f3 Bg5 35. h4 Be7 36. h5 f5 37. Nf2 Rc5 38. Rd7 b5 39. hxg6 Kxg6 40. axb5
axb5 41. Nh3 Bg5 42. f4 Bf6 43. Ng1 Re3 44. Kf2 Rd3 45. Rb7 Rd6 46. Nf3 Rcd5
47. Re2 Rd7 48. Rxd7 Rxd7 49. Re6 Rd5 50. Rb6 Kf7 51. Ke2 h5 52. Nd2 h4 53.
gxh4 Bxh4 54. Nf1 Bd8 55. Rb7+ Ke6 56. Ne3 Rc5 57. Nc2 Bf6 58. Rb6+ Kf7 59. Na3
Be7 60. Nxb5 Rd5 61. Nd4 Bf6 62. Nc2 Be7 63. Ne3 Rc5 64. Rb4 1-0

[Event "4. Open Stadium Casablanca"]
[Site "Zaragoza ESP"]
[Date "2010.12.26"]
[Round "4.2"]
[White "Garza Marco, Sergio"]
[Black "Korneev, Oleg"]
[Result "1/2-1/2"]
[WhiteElo "2442"]
[BlackElo "2582"]
[PlyCount "34"]
[EventDate "2010.12.23"]
[EventRounds "9"]
[EventCountry "ESP"]
[Source "lmi"]
[SourceDate "2010.12.23"]

1. c4 e5 2. g3 Nf6 3. Bg2 d5 4. cxd5 Nxd5 5. Nc3 Nb6 6. Nf3 Nc6 7. O-O Be7 8.
a3 O-O 9. b4 Re8 10. Bb2 Bf8 11. d3 a5 12. b5 Nd4 13. Nd2 a4 14. Rb1 Ra5 15.
Nc4 Nxc4 16. dxc4 Bf5 17. Bxb7 Bc2 1/2-1/2

[Event "4. Open Stadium Casablanca"]
[Site "Zaragoza ESP"]
[Date "2010.12.26"]
[Round "4.3"]
[White "Antoli Royo, Joaquin Miguel"]
[Black "Oms Pallisse, Josep"]
[Result "1/2-1/2"]
[WhiteElo "2439"]
[BlackElo "2528"]
[PlyCount "139"]
[EventDate "2010.12.23"]
[EventRounds "9"]
[EventCountry "ESP"]
[Source "lmi"]
[SourceDate "2010.12.23"]

1. e4 e5 2. Nc3 Nf6 3. Nf3 Nc6 4. d4 exd4 5. Nd5 Nb4 6. Nxf6+ Qxf6 7. Bc4 Bc5
8. O-O O-O 9. e5 Qd8 10. a3 Nc6 11. b4 Be7 12. b5 Na5 13. Bd3 d6 14. Qe1 dxe5
15. Qxa5 Bd6 16. Re1 Re8 17. Qa4 h6 18. c3 Bg4 19. Be4 f5 20. Bd5+ Kh8 21. h3
Bxf3 22. Bxf3 e4 23. Bh5 d3 24. Bxe8 Qxe8 25. Qc4 Qg6 26. Be3 Re8 27. Bc5 Be5
28. Bd4 Bd6 29. Bc5 Be5 30. Rad1 b6 31. Bd4 Bd6 32. Qc6 Re7 33. Kf1 Kh7 34. Be3
Re6 35. Qd5 Re5 36. Qc6 Re6 37. Qc4 Re7 38. Bf4 Bxf4 39. Rxd3 Bd6 40. Rd4 Bxa3
41. Rd8 Qe6 42. Qxe6 Rxe6 43. g4 fxg4 44. hxg4 Bd6 45. Ra8 Kg6 46. Rxa7 Kg5 47.
Ra4 Re5 48. Raxe4 Rxb5 49. R1e3 Ra5 50. Rf3 g6 51. Kg2 h5 52. gxh5 Kxh5 53. Rf7
Kg5 54. Kh3 Kh6 55. f4 Rf5 56. Rxf5 gxf5 57. Re6+ Kg7 58. Kg3 Kf7 59. Rh6 Kg7
60. Rh5 Kg6 61. Rg5+ Kf6 62. Kf3 Ba3 63. Rh5 Kg6 64. Rh4 Be7 65. Rh1 Bc5 66.
Rh2 Bd6 67. Rg2+ Kf6 68. Ke3 Bc5+ 69. Kd3 Bd6 70. Ke3 1/2-1/2

[Event "4. Open Stadium Casablanca"]
[Site "Zaragoza ESP"]
[Date "2010.12.26"]
[Round "4.4"]
[White "Paunovic, Dragan"]
[Black "Estremera Panos, Sergio"]
[Result "1-0"]
[WhiteElo "2526"]
[BlackElo "2352"]
[PlyCount "61"]
[EventDate "2010.12.23"]
[EventRounds "9"]
[EventCountry "ESP"]
[Source "lmi"]
[SourceDate "2010.12.23"]

1. Nf3 Nf6 2. g3 b6 3. Bg2 Bb7 4. O-O c5 5. d3 d5 6. Nbd2 g6 7. e4 Bg7 8. e5
Nfd7 9. e6 fxe6 10. Ng5 Nf8 11. Re1 Nc6 12. c4 Qd6 13. Nxe6 Nxe6 14. cxd5 Ned4
15. Ne4 Qd8 16. dxc6 Bxc6 17. Be3 O-O 18. Rc1 a5 19. h4 Qd7 20. Kh2 Qf5 21. f4
a4 22. b4 axb3 23. Bxd4 Bxd4 24. Qxb3+ Kh8 25. Ng5 Bxg2 26. Kxg2 e5 27. Re4
exf4 28. Rxf4 Qe5 29. Rxf8+ Rxf8 30. Nf7+ Rxf7 31. Qxf7 1-0

[Event "4. Open Stadium Casablanca"]
[Site "Zaragoza ESP"]
[Date "2010.12.26"]
[Round "4.5"]
[White "Forcen Esteban, Daniel"]
[Black "Franco Ocampos, Zenon"]
[Result "1-0"]
[WhiteElo "2367"]
[BlackElo "2517"]
[PlyCount "99"]
[EventDate "2010.12.23"]
[EventRounds "9"]
[EventCountry "ESP"]
[Source "lmi"]
[SourceDate "2010.12.23"]

1. e4 g6 2. d4 d6 3. Nc3 c6 4. h4 h5 5. Nh3 Bxh3 6. Rxh3 e6 7. Bg5 Be7 8. Qd2
f6 9. Be3 Nd7 10. O-O-O d5 11. Bd3 Kf7 12. f3 f5 13. Bg5 Ngf6 14. Qf4 Qb8 15.
Qe3 Re8 16. e5 Nh7 17. g4 Ndf8 18. gxh5 gxh5 19. Bxe7 Kxe7 20. Qh6 Kd7 21. Rg1
Re7 22. Rhg3 Qc7 23. Rg8 Rae8 24. f4 Qb6 25. Ne2 c5 26. c3 Qa5 27. a3 b6 28.
Qxh5 Qa4 29. Qh6 Kd8 30. Rh8 Rc7 31. Rg7 Rxg7 32. Qxg7 Re7 33. Qg1 c4 34. Bc2
Qe8 35. Qg3 b5 36. Bd1 a5 37. Ng1 b4 38. cxb4 axb4 39. axb4 Ra7 40. Rg8 Qe7 41.
h5 Qxb4 42. Qc3 Ra1+ 43. Kd2 Qb5 44. Nf3 Ra2 45. Bc2 Qe8 46. Qb4 Qf7 47. Qb8+
Ke7 48. Qb7+ Ke8 49. Rg7 Qxb7 50. Rxb7 1-0

[Event "4. Open Stadium Casablanca"]
[Site "Zaragoza ESP"]
[Date "2010.12.26"]
[Round "4.6"]
[White "Kogan, Artur"]
[Black "Villuendas Valero, Adrian"]
[Result "1-0"]
[WhiteElo "2535"]
[BlackElo "2269"]
[PlyCount "97"]
[EventDate "2010.12.23"]
[EventRounds "9"]
[EventCountry "ESP"]
[Source "lmi"]
[SourceDate "2010.12.23"]

1. d4 d5 2. c4 dxc4 3. Nf3 Nf6 4. e3 Be6 5. Nc3 c6 6. Ng5 Qc8 7. e4 h6 8. Nxe6
Qxe6 9. e5 Nbd7 10. Be2 Nd5 11. O-O O-O-O 12. Bg4 Qg6 13. Qf3 e6 14. Bh5 Qd3
15. Qxd3 cxd3 16. Nxd5 cxd5 17. Bxf7 Bb4 18. Rd1 Nf8 19. Rxd3 Rd7 20. Bh5 Rc7
21. a3 Ba5 22. Be3 Bb6 23. Bd2 Kd8 24. h4 Nd7 25. Bc3 Nb8 26. Rf3 Nc6 27. Rd1
Ke7 28. Rdd3 Rf8 29. Rg3 Kd8 30. Rg6 Re7 31. b4 a6 32. g3 Rf5 33. Bg4 Rxf2 34.
Kxf2 Nxe5 35. Re3 Nxg6 36. Bxe6 Nf8 37. Bxd5 Rd7 38. Bf3 Bxd4 39. Bxd4 Rxd4 40.
Bxb7 Rd6 41. Rc3 Ne6 42. Ke3 Rb6 43. Bf3 Ke7 44. Rc6 Rxc6 45. Bxc6 Kd6 46. Bb7
Nc7 47. Ke4 Ke6 48. a4 g6 49. g4 1-0

[Event "4. Open Stadium Casablanca"]
[Site "Zaragoza ESP"]
[Date "2010.12.26"]
[Round "4.7"]
[White "Adla, Diego"]
[Black "Martinez Asensio, Juan Miguel"]
[Result "1-0"]
[WhiteElo "2511"]
[BlackElo "2144"]
[PlyCount "93"]
[EventDate "2010.12.23"]
[EventRounds "9"]
[EventCountry "ESP"]
[Source "lmi"]
[SourceDate "2010.12.23"]

1. d4 Nf6 2. c4 c5 3. d5 b5 4. cxb5 a6 5. f3 g6 6. e4 Bg7 7. Na3 axb5 8. Nxb5
Ba6 9. a4 O-O 10. Be3 d6 11. Ne2 Ne8 12. Nec3 f5 13. exf5 gxf5 14. Bd3 f4 15.
Bd2 Be5 16. Qc2 Nf6 17. g3 Nbd7 18. gxf4 Bd4 19. Ne2 Qb6 20. Rc1 Rac8 21. b3
Kh8 22. Bc4 Nh5 23. a5 Qb7 24. Nbxd4 cxd4 25. Qd3 Nc5 26. Qxd4+ Nf6 27. b4 Bxc4
28. Qxc4 Na6 29. Qd4 Qb5 30. Kf2 Rxc1 31. Rxc1 Rb8 32. Rc4 Qxd5 33. Ng3 Kg8 34.
Ne4 Qxd4+ 35. Rxd4 Ne8 36. f5 Rb5 37. f6 d5 38. Nc5 Nxc5 39. bxc5 e6 40. Ra4
Nc7 41. a6 Kf7 42. Bf4 Na8 43. Bd6 Rb3 44. Rg4 Ra3 45. Be7 e5 46. Rg7+ Ke6 47.
Bd8 1-0

[Event "4. Open Stadium Casablanca"]
[Site "Zaragoza ESP"]
[Date "2010.12.26"]
[Round "4.8"]
[White "Matnadze, Ana"]
[Black "Lana Rodriguez, David"]
[Result "1-0"]
[WhiteElo "2410"]
[BlackElo "2238"]
[PlyCount "91"]
[EventDate "2010.12.23"]
[EventRounds "9"]
[EventCountry "ESP"]
[Source "lmi"]
[SourceDate "2010.12.23"]

1. d4 d5 2. Nf3 Nf6 3. g3 b5 4. Bg2 e6 5. O-O Bd6 6. a4 b4 7. c4 bxc3 8. bxc3
Ba6 9. Nbd2 c5 10. c4 O-O 11. dxc5 Bxc5 12. Bb2 Nbd7 13. cxd5 Nxd5 14. Ne4 Be7
15. Nd4 Qb6 16. Rb1 Rab8 17. a5 Qb7 18. Nc3 Nxc3 19. Bxc3 Qxb1 20. Qxb1 Rxb1
21. Rxb1 Bf6 22. e3 Rb8 23. Rxb8+ Nxb8 24. Bb4 e5 25. Nf5 Bb5 26. Bd5 Nc6 27.
Bc5 a6 28. Nd6 Nxa5 29. Bb6 Be7 30. Nxb5 axb5 31. Bxa5 h5 32. h3 h4 33. g4 g6
34. Kf1 Kg7 35. e4 Bc5 36. Ke2 f6 37. f3 b4 38. Kd3 Kh6 39. Kc4 Bd6 40. Bb6 Kg7
41. Bf2 g5 42. Be1 b3 43. Kxb3 Bc7 44. Kc4 Bd6 45. Bb4 Bb8 46. Kb5 1-0

[Event "4. Open Stadium Casablanca"]
[Site "Zaragoza ESP"]
[Date "2010.12.26"]
[Round "4.9"]
[White "Gracia Suarez, Jesus"]
[Black "Corrales Jimenez, Fidel"]
[Result "0-1"]
[WhiteElo "2155"]
[BlackElo "2597"]
[PlyCount "84"]
[EventDate "2010.12.23"]
[EventRounds "9"]
[EventCountry "ESP"]
[Source "lmi"]
[SourceDate "2010.12.23"]

1. e4 c5 2. Nf3 d6 3. d4 cxd4 4. Nxd4 Nf6 5. Nc3 a6 6. Be3 e6 7. Qd2 b5 8. Bd3
Bb7 9. f3 Nbd7 10. Qf2 b4 11. Nce2 d5 12. O-O Bd6 13. Bf4 Bxf4 14. Nxf4 dxe4
15. fxe4 Ne5 16. Ndxe6 fxe6 17. Nxe6 Qe7 18. Qb6 Kf7 19. Ng5+ Kg6 20. Nf3 Bc8
21. Rae1 Re8 22. Nxe5+ Qxe5 23. Rf5 Qe7 24. Re2 Qa7 25. Qxa7 Rxa7 26. Ra5 Kh6
27. e5 Bg4 28. Rf2 Nd7 29. Rf4 Rxe5 30. Rxa6+ Rxa6 31. Bxa6 Bf5 32. Bc8 Rc5 33.
Bxd7 Bxd7 34. Rxb4 Rxc2 35. g3 g5 36. h4 Bc6 37. hxg5+ Kxg5 38. Kf1 h5 39. a4
Rg2 40. a5 Rxg3 41. a6 h4 42. a7 h3 0-1

[Event "4. Open Stadium Casablanca"]
[Site "Zaragoza ESP"]
[Date "2010.12.26"]
[Round "4.10"]
[White "Iagar, Razvan-Gabriel"]
[Black "Gonzalez Perez, Arian"]
[Result "1/2-1/2"]
[WhiteElo "2054"]
[BlackElo "2435"]
[PlyCount "176"]
[EventDate "2010.12.23"]
[EventRounds "9"]
[EventCountry "ESP"]
[Source "lmi"]
[SourceDate "2010.12.23"]

1. d4 Nf6 2. c4 c5 3. d5 b5 4. Nf3 e6 5. Bg5 exd5 6. cxd5 d6 7. e4 a6 8. a4 Be7
9. Bxf6 Bxf6 10. Qc2 bxa4 11. Rxa4 O-O 12. Nbd2 Nd7 13. Be2 Rb8 14. b3 Rb4 15.
Ra2 Ne5 16. Nxe5 Bxe5 17. Bxa6 Qg5 18. g3 Bh3 19. Bf1 Qh5 20. Be2 Qh6 21. Bf3
f5 22. Nc4 fxe4 23. Bxe4 Bd4 24. f4 Rfb8 25. Na5 c4 26. Nxc4 Rxb3 27. Ra8 Rxa8
28. Qxb3 Qf6 29. Kd2 Ba1 30. Rc1 Qd4+ 31. Bd3 Qf2+ 32. Be2 Bg4 33. Re1 Re8 34.
Ne3 Bxe2 35. Rxe2 Qf3 36. Qa4 Bc3+ 37. Kd3 Re7 38. Qc4 Bf6 39. Qb4 Kf7 40. Qc4
g6 41. Qa4 h5 42. Qc4 Kg7 43. Qa4 Kh7 44. Qc4 h4 45. Qb4 h3 46. Qc4 Bb2 47. f5
g5 48. Kd2 Re4 49. Qc7+ Bg7 50. Qxd6 Ra4 51. Ke1 Qe4 52. Qg6+ Kg8 53. Qe6+ Kf8
54. f6 Bh8 55. Qxh3 Bxf6 56. Qc8+ Kf7 57. Qe6+ Kg6 58. Qxe4+ Rxe4 59. h3 Rd4
60. Rd2 Ra4 61. Ke2 Be5 62. Kf3 Ra3 63. d6 Bf6 64. d7 Bd8 65. Ke4 Kf6 66. Ng4+
Ke6 67. Ne3 Ra4+ 68. Kf3 Ra3 69. Rd4 Ke7 70. Ke4 Ke6 71. Nf5 Ra1 72. Rd6+ Kf7
73. Kd5 Ra5+ 74. Ke4 Ra4+ 75. Rd4 Ra7 76. Nd6+ Ke6 77. Nc4 Ra6 78. Ne5 Rb6 79.
Nd3 Rb5 80. Rb4 Ra5 81. Rd4 Rb5 82. Nb4 Re5+ 83. Kf3 Rc5 84. Ke4 Re5+ 85. Kd3
Rc5 86. h4 gxh4 87. gxh4 Bxh4 88. Rxh4 Kxd7 1/2-1/2

[Event "4. Open Stadium Casablanca"]
[Site "Zaragoza ESP"]
[Date "2010.12.27"]
[Round "5.3"]
[White "Garza Marco, Sergio"]
[Black "Kogan, Artur"]
[Result "0-1"]
[WhiteElo "2442"]
[BlackElo "2535"]
[PlyCount "94"]
[EventDate "2010.12.23"]
[EventRounds "9"]
[EventCountry "ESP"]
[Source "lmi"]
[SourceDate "2010.12.23"]

1. d4 Nf6 2. c4 c6 3. Nc3 d5 4. cxd5 cxd5 5. Bf4 Qb6 6. Rc1 Nc6 7. e3 Qxb2 8.
Bd3 Bg4 9. Nge2 Bxe2 10. Bxe2 e5 11. dxe5 Bb4 12. O-O Bxc3 13. Rc2 Qb4 14. exf6
Bxf6 15. Qxd5 O-O 16. Qf5 Ne7 17. Qb5 Qxb5 18. Bxb5 Nd5 19. Bg3 Nc3 20. Bd7 b5
21. Bg4 a5 22. Bd6 Rfe8 23. Bf3 Ra6 24. Ba3 b4 25. Bb2 Rb6 26. Ba1 a4 27. g3 a3
28. Rfc1 Rd8 29. Kf1 g6 30. Ke1 Na4 31. Bc6 Bc3+ 32. Bxc3 Nxc3 33. Bf3 Rbd6 34.
Be2 Kg7 35. f3 f5 36. Bc4 Rd1+ 37. Rxd1 Rxd1+ 38. Kf2 Kf6 39. h4 Ke5 40. Bg8 h6
41. Bc4 g5 42. hxg5 hxg5 43. f4+ gxf4 44. gxf4+ Ke4 45. Be6 Rb1 46. Rd2 Rb2 47.
Ke1 Kxe3 0-1

[Event "4. Open Stadium Casablanca"]
[Site "Zaragoza ESP"]
[Date "2010.12.27"]
[Round "5.5"]
[White "Adla, Diego"]
[Black "Antoli Royo, Joaquin Miguel"]
[Result "1/2-1/2"]
[WhiteElo "2511"]
[BlackElo "2439"]
[PlyCount "71"]
[EventDate "2010.12.23"]
[EventRounds "9"]
[EventCountry "ESP"]
[Source "lmi"]
[SourceDate "2010.12.23"]

1. c4 e5 2. g3 Nf6 3. Bg2 c6 4. d4 e4 5. Bg5 Bb4+ 6. Nc3 d5 7. cxd5 cxd5 8. Rc1
Bxc3+ 9. Rxc3 Nbd7 10. f3 Qa5 11. Qb3 O-O 12. Nh3 exf3 13. exf3 Re8+ 14. Kf2 h6
15. Bf4 Nb6 16. Be5 Qa6 17. Nf4 Nc4 18. Re1 b5 19. Qb4 Qb6 20. Bxf6 Rxe1 21.
Kxe1 Qxf6 22. Qxb5 Ba6 23. Qxd5 Re8+ 24. Kf2 Nxb2 25. Rc1 g5 26. Qd7 Kf8 27.
Nh5 Qg6 28. Kg1 Nd3 29. Rd1 Nb2 30. Ra1 Qb6 31. Qd5 Nd3 32. Bf1 Rd8 33. Qe4 Re8
34. Qd5 Rd8 35. Qe4 Re8 36. Rc1 1/2-1/2

[Event "4. Open Stadium Casablanca"]
[Site "Zaragoza ESP"]
[Date "2010.12.27"]
[Round "5.6"]
[White "Delchev, Aleksander"]
[Black "Llanes Luno, Pedro Alfredo"]
[Result "1-0"]
[WhiteElo "2621"]
[BlackElo "2174"]
[PlyCount "55"]
[EventDate "2010.12.23"]
[EventRounds "9"]
[EventCountry "ESP"]
[Source "lmi"]
[SourceDate "2010.12.23"]

1. e4 c5 2. Nf3 d6 3. d4 cxd4 4. Nxd4 Nf6 5. Nc3 a6 6. Be3 e5 7. Nf3 Nbd7 8. a4
Qc7 9. Nd2 Qc6 10. Qf3 Nb6 11. Bxb6 Qxb6 12. Nc4 Qc7 13. a5 Bg4 14. Qg3 h5 15.
Nb6 Rd8 16. Bc4 Be6 17. Ra4 h4 18. Qd3 Be7 19. O-O h3 20. g3 Rh6 21. Ncd5 Qb8
22. Nxf6+ Bxf6 23. Bd5 Bd7 24. Rb4 Bb5 25. Rxb5 axb5 26. Qxb5+ Ke7 27. Bxb7 Qa7
28. a6 1-0

[Event "4. Open Stadium Casablanca"]
[Site "Zaragoza ESP"]
[Date "2010.12.27"]
[Round "5.7"]
[White "Corrales Jimenez, Fidel"]
[Black "Quintin Navarro, Alberto"]
[Result "1-0"]
[WhiteElo "2597"]
[BlackElo "2135"]
[PlyCount "119"]
[EventDate "2010.12.23"]
[EventRounds "9"]
[EventCountry "ESP"]
[Source "lmi"]
[SourceDate "2010.12.23"]

1. d4 Nf6 2. c4 g6 3. Nc3 Bg7 4. g3 O-O 5. Bg2 d6 6. e4 Nc6 7. Nge2 e5 8. d5
Ne7 9. O-O Nh5 10. Be3 f5 11. Qd2 Nf6 12. f3 fxe4 13. Nxe4 Bf5 14. N2c3 Bxe4
15. fxe4 Ng4 16. Bh3 h5 17. Rxf8+ Bxf8 18. Bxg4 hxg4 19. Qe2 Qd7 20. Nd1 Bg7
21. Nf2 c6 22. Qxg4 Qxg4 23. Nxg4 c5 24. Bg5 Nc8 25. a4 Nb6 26. b3 Re8 27. Kg2
Nd7 28. Rf1 b6 29. Kh3 Rf8 30. Rxf8+ Bxf8 31. Nf6+ Nxf6 32. Bxf6 Kf7 33. Bg5
Bg7 34. Kg4 Bf8 35. h4 Bg7 36. Bd2 Bf6 37. a5 bxa5 38. Bxa5 Kg7 39. Bd2 Kf7 40.
Bg5 Bg7 41. Kf3 Bf8 42. Ke2 Ke8 43. Kd3 Kd7 44. Kc2 Kc7 45. Kb2 Kd7 46. Ka3 Kc7
47. Ka4 Kb6 48. g4 Ka6 49. h5 gxh5 50. gxh5 Kb6 51. h6 Kb7 52. h7 Bg7 53. Be7
Kc7 54. Kb5 Kd7 55. Bf8 Bh8 56. Ka6 Kc7 57. Kxa7 Bf6 58. Ka6 Bh8 59. Ka5 Bf6
60. Ka4 1-0

[Event "4. Open Stadium Casablanca"]
[Site "Zaragoza ESP"]
[Date "2010.12.27"]
[Round "5.8"]
[White "Franco Ocampos, Zenon"]
[Black "Gil Capape, Marco Antonio"]
[Result "1-0"]
[WhiteElo "2517"]
[BlackElo "2061"]
[PlyCount "81"]
[EventDate "2010.12.23"]
[EventRounds "9"]
[EventCountry "ESP"]
[Source "lmi"]
[SourceDate "2010.12.23"]

1. c4 e5 2. g3 Nf6 3. Bg2 Nc6 4. Nc3 Bb4 5. Nd5 O-O 6. a3 Bc5 7. e3 d6 8. Ne2
Nxd5 9. cxd5 Ne7 10. O-O Bb6 11. b4 Bd7 12. Bb2 Qc8 13. f4 f6 14. Qb3 Ng6 15.
Rf2 Bh3 16. Raf1 Bxg2 17. Kxg2 Kh8 18. fxe5 fxe5 19. Rxf8+ Nxf8 20. d4 Qg4 21.
Qc2 Ng6 22. Kh1 e4 23. Nf4 Re8 24. a4 a5 25. Bc3 h5 26. bxa5 Ba7 27. Qb1 Nxf4
28. Rxf4 Qe2 29. Qb5 Qxb5 30. axb5 Kg8 31. Kg2 Re7 32. g4 hxg4 33. Kg3 Kh7 34.
Kxg4 Re8 35. Be1 Kg6 36. h4 Bb8 37. h5+ Kh6 38. Bh4 Ba7 39. Bg5+ Kh7 40. Rf7
Kg8 41. Rxc7 1-0

[Event "4. Open Stadium Casablanca"]
[Site "Zaragoza ESP"]
[Date "2010.12.27"]
[Round "5.9"]
[White "Estremera Panos, Sergio"]
[Black "Arregui Untoria, Carlos"]
[Result "1-0"]
[WhiteElo "2352"]
[BlackElo "2038"]
[PlyCount "87"]
[EventDate "2010.12.23"]
[EventRounds "9"]
[EventCountry "ESP"]
[Source "lmi"]
[SourceDate "2010.12.23"]

1. d4 Nf6 2. c4 e6 3. Nc3 Bb4 4. e3 b6 5. Bd3 Bb7 6. Nf3 Ne4 7. O-O Bxc3 8.
bxc3 O-O 9. Ne1 f5 10. f3 Nf6 11. a4 Nc6 12. Nc2 d6 13. d5 Ne5 14. Nd4 exd5 15.
Ne6 Qd7 16. Nxf8 Rxf8 17. cxd5 Bxd5 18. Qc2 g6 19. c4 Bf7 20. Bb2 Qe6 21. Rac1
Nfd7 22. Rfe1 Nc5 23. Bf1 Be8 24. Ra1 a5 25. Qc3 Qf6 26. Be2 Nxa4 27. Rxa4 Bxa4
28. f4 Ng4 29. Qd2 Qh4 30. Bxg4 fxg4 31. Qd5+ Rf7 32. g3 Qe7 33. Qd4 Rf8 34. c5
Bc6 35. cxd6 cxd6 36. Qc4+ d5 37. Qxc6 Qb4 38. Bc3 Qe4 39. Qc7 Rf7 40. Qd8+ Rf8
41. Qxb6 a4 42. Bd4 a3 43. Rc1 a2 44. Qa7 1-0

[Event "4. Open Stadium Casablanca"]
[Site "Zaragoza ESP"]
[Date "2010.12.27"]
[Round "5.10"]
[White "Maza Broto, Pablo"]
[Black "Guramishvili, Sopiko"]
[Result "0-1"]
[WhiteElo "2063"]
[BlackElo "2319"]
[PlyCount "40"]
[EventDate "2010.12.23"]
[EventRounds "9"]
[EventCountry "ESP"]
[Source "lmi"]
[SourceDate "2010.12.23"]

1. d4 d5 2. c4 c6 3. Nc3 dxc4 4. e4 b5 5. a4 b4 6. Na2 Nf6 7. e5 Nd5 8. Bxc4 e6
9. Bd2 Nb6 10. Bb3 Qxd4 11. Nf3 Qe4+ 12. Be3 Ba6 13. Ng5 Qxg2 14. Kd2 Bc4 15.
Kc2 Nd5 16. Qd2 Nxe3+ 17. Qxe3 Bxb3+ 18. Kxb3 Qd5+ 19. Kc2 Nd7 20. f4 Qg2+ 0-1

[Event "4. Open Stadium Casablanca"]
[Site "Zaragoza ESP"]
[Date "2010.12.28"]
[Round "6.1"]
[White "Matnadze, Ana"]
[Black "Korneev, Oleg"]
[Result "1/2-1/2"]
[WhiteElo "2410"]
[BlackElo "2582"]
[PlyCount "48"]
[EventDate "2010.12.23"]
[EventRounds "9"]
[EventCountry "ESP"]
[Source "lmi"]
[SourceDate "2010.12.23"]

1. d4 d5 2. Nf3 Nf6 3. g3 c6 4. Bg2 Bf5 5. O-O e6 6. c4 Nbd7 7. Nc3 dxc4 8. a4
a5 9. Nh4 Bg4 10. h3 Bh5 11. g4 Bg6 12. f4 Bb4 13. f5 exf5 14. Nxf5 Bxf5 15.
Rxf5 Ng8 16. e4 Ne7 17. Rf2 O-O 18. Bg5 f6 19. Be3 c5 20. d5 Ne5 21. d6 N7c6
22. Qd5+ Kh8 23. Nb5 Qd7 24. Raf1 h6 1/2-1/2

[Event "4. Open Stadium Casablanca"]
[Site "Zaragoza ESP"]
[Date "2010.12.28"]
[Round "6.2"]
[White "Kogan, Artur"]
[Black "Paunovic, Dragan"]
[Result "1-0"]
[WhiteElo "2535"]
[BlackElo "2526"]
[PlyCount "63"]
[EventDate "2010.12.23"]
[EventRounds "9"]
[EventCountry "ESP"]
[Source "lmi"]
[SourceDate "2010.12.23"]

1. e4 c5 2. Nf3 e6 3. d4 cxd4 4. Nxd4 a6 5. Bd3 d6 6. f4 Nf6 7. Qe2 Be7 8. Be3
Nc6 9. Nd2 O-O 10. O-O-O Nb4 11. Kb1 Nxd3 12. cxd3 Re8 13. g4 Bf8 14. g5 Nd7
15. Nc2 e5 16. f5 d5 17. h4 d4 18. Bf2 Nc5 19. h5 Bd7 20. g6 fxg6 21. hxg6 h6
22. Bh4 Be7 23. Bxe7 Qxe7 24. Nb4 Bc6 25. Nxc6 bxc6 26. Rc1 Rf8 27. Nf3 Rab8
28. Qc2 Nd7 29. Qxc6 Qa3 30. Qe6+ Kh8 31. Rxh6+ gxh6 32. g7+ 1-0

[Event "4. Open Stadium Casablanca"]
[Site "Zaragoza ESP"]
[Date "2010.12.28"]
[Round "6.3"]
[White "Cifuentes Parada, Roberto"]
[Black "Franco Ocampos, Zenon"]
[Result "1-0"]
[WhiteElo "2508"]
[BlackElo "2517"]
[PlyCount "105"]
[EventDate "2010.12.23"]
[EventRounds "9"]
[EventCountry "ESP"]
[Source "lmi"]
[SourceDate "2010.12.23"]

1. Nf3 d5 2. d4 Nf6 3. c4 c6 4. e3 Bg4 5. Nc3 e6 6. Qb3 Qc7 7. Nh4 h6 8. h3 Bh5
9. Bd2 Nbd7 10. cxd5 exd5 11. g4 g5 12. Nf5 Bg6 13. Bg2 h5 14. e4 hxg4 15. hxg4
Rxh1+ 16. Bxh1 Nxg4 17. Ng3 Bd6 18. e5 Be7 19. Bxd5 Ngxe5 20. Be4 Nd3+ 21. Bxd3
Bxd3 22. Nd5 cxd5 23. Qxd3 Qb6 24. Nf5 Bf6 25. O-O-O Nf8 26. Kb1 Ne6 27. Qa3
Kd7 28. Qf3 Rd8 29. Rc1 Ke8 30. Qa3 Qa6 31. Qb3 Qe2 32. Be3 Qa6 33. Ka1 Rd7 34.
a3 Rc7 35. Rh1 Kf8 36. Qb4+ Kg8 37. f4 Qd3 38. fxg5 Bxg5 39. Bxg5 Qxf5 40. Bd8
Rd7 41. Rg1+ Ng7 42. Bh4 f6 43. Qc5 Rf7 44. Qxa7 Qf4 45. Qa8+ Kh7 46. Bg3 Qe4
47. Bd6 Ne8 48. Bc5 f5 49. Bd6 f4 50. Be5 Ng7 51. Qc8 f3 52. Qh3+ Kg8 53. Rh1
1-0

[Event "4. Open Stadium Casablanca"]
[Site "Zaragoza ESP"]
[Date "2010.12.28"]
[Round "6.4"]
[White "Forcen Esteban, Daniel"]
[Black "Delchev, Aleksander"]
[Result "1-0"]
[WhiteElo "2367"]
[BlackElo "2621"]
[PlyCount "43"]
[EventDate "2010.12.23"]
[EventRounds "9"]
[EventCountry "ESP"]
[Source "lmi"]
[SourceDate "2010.12.23"]

1. e4 e5 2. Bc4 Nf6 3. Nc3 Be7 4. d3 O-O 5. f4 exf4 6. Bxf4 c6 7. e5 Ne8 8. Qf3
d5 9. exd6 Nxd6 10. Bb3 Nd7 11. Nge2 Nc5 12. O-O Nxb3 13. axb3 Nf5 14. Kh1 Be6
15. Ne4 c5 16. Be5 f6 17. Bc3 Nh4 18. Qf2 Ng6 19. Nxc5 Bd5 20. Ne4 f5 21. Qd4
Rf7 22. Rxf5 1-0